<?xml version="1.0" encoding="UTF-8"?>
<collection xmlns="http://www.loc.gov/MARC21/slim">
 <record>
  <leader>00468nam a22001691a 4500</leader>
  <controlfield tag="001">000035954</controlfield>
  <controlfield tag="003">12246</controlfield>
  <controlfield tag="005">20160321134753.0</controlfield>
  <controlfield tag="008">160321s2002                  000</controlfield>
  <datafield tag="245" ind1=" " ind2=" ">
   <subfield code="a">Contemporary Linguistics</subfield>
   <subfield code="c">William O’Grady, John Archibald, Mark Aronoff &amp; Janie Rees-Miller</subfield>
  </datafield>
  <datafield tag="260" ind1=" " ind2=" ">
   <subfield code="a">Oxford</subfield>
   <subfield code="c">2002</subfield>
  </datafield>
  <datafield tag="OWN" ind1=" " ind2=" ">
   <subfield code="a">LNN</subfield>
  </datafield>
  <datafield tag="999" ind1=" " ind2=" ">
   <subfield code="a">From the UDN01</subfield>
  </datafield>
  <datafield tag="TYP" ind1=" " ind2=" ">
   <subfield code="a">Monograph</subfield>
  </datafield>
  <datafield tag="980" ind1=" " ind2=" ">
   <subfield code="a">Mạng thư viện Đại học Đà Nẵng</subfield>
  </datafield>
 </record>
</collection>
